000
00257nam a2200097Ia 4500
008
220204s9999 xx 000 0 und d
082
_a
NR:04
_b
RRC.28
245
0
_a
Sweet and glutinous corn as intercrops of rubber
260
_a
Hat Yai
_b
RRC
_c
1974
942
_c
BK
999
_c
26424
_d
26424